[Event "Bundesliga 0708"]
[Site "Germany"]
[Date "2008.04.05"]
[Round "12.6"]
[White "Babula, Vlastimil"]
[Black "Loeffler, Stefan"]
[Result "1-0"]
[WhiteElo "2596"]
[BlackElo "2409"]
[Annotator "Babula/Meyer,CD"]
[PlyCount "49"]
[EventDate "2007.10.20"]
[EventType "team-tourn"]
[EventRounds "15"]
[EventCountry "GER"]
[SourceTitle "CBM 124"]
[Source "ChessBase"]
[SourceDate "2008.05.28"]
[SourceVersion "1"]
[SourceVersionDate "2008.05.28"]
[SourceQuality "1"]
[WhiteTeam "Werder Bremen"]
[BlackTeam "Kreuzberg"]
[WhiteTeamCountry "GER"]
[BlackTeamCountry "GER"]

1. d4 Nf6 2. c4 c6 3. Nc3 d5 4. Nf3 dxc4 5. a4 e6 {Diese "angetäuschte", wenig
attraktive Slawisch-Version (anstelle des üblichen Bf5) galt lange Zeit gar
als fehlerhaft, doch heutzutage, insbesondere nach gelegentlichen Experimenten
von Topleuten wie Kramnik und Svidler, gibt es immer mehr Nachahmer.} 6. e3 ({
Die aggressive, etwas riskante Alternative lautet} 6. e4 {, wie seinerzeit
schon von Aljechin gegen Bogoljubow (mit Erfolg) praktiziert. Unser Partiezug
ist ruhiger und sicherer, er führt gleich zu einer für Weiß angenehmen
Isolanistellung, nahezu identisch mit einer aus dem Angenommenen Damengambit.})
6... c5 {Das zweimalige Ziehen seines c-Bauern möchte Schwarz damit
rechtfertigen, daß Weiß das eher unnütze, den Punkt b4 schwächende a2-a4
eingeschoben hat, aber dieses Konzept hat doch einen Nachteil, wie gleich
gezeigt wird.} 7. Bxc4 Nc6 8. O-O {Im Vergleich zur entsprechenden Variante
des Angenommen Damengambits (D27) nach 1.d4 d5 2.c4 dxc4 3.Nf3 Nf6 4.e3 e6 5.
Bxc4 c5 6.0-0 a6 7.a4 Nc6 8.Nc3, wo der schwarze a-Bauer bereits auf a6 steht 
(und das Feld b5 schützt), hat Schwarz bei unserer Zugfolge ein glattes
Minustempo, doch diesem Umstand scheinen die Protagonisten keine Bedeutung
beizumessen.} cxd4 9. exd4 Be7 {The main drawback of White's position is the
weak b4 square.} 10. Qe2 ({Eine andere, interessante Aufstellung ist} 10. Bg5
O-O 11. Re1 {, z.B.} Nd5 (11... Bd7 12. Qe2 h6 13. Bf4 $1 Nb4 14. Ne5 $14 {
Babula,V (2596)-Mainka,R (2496)/BL 0708 SC Remagen - Werder Bremen, 2008}) 12.
Bxe7 Ncxe7 13. Ne5 b6 14. Nxd5 Nxd5 15. Nc6 (15. a5 $142) 15... Qd6 16. Bxd5
exd5 17. Rc1 $14 {/=, Timofeev,A-Ni,H, Dagomys 2008}) 10... O-O (10... Nxd4 $2
{scheitert an} 11. Nxd4 Qxd4 12. Nb5 $1 {(} Qd8 13. Bf4 O-O 14. Nc7 {). Die
Anfälligkeit der Felder b5/b4 macht sich auch im Folgenden bemerkbar.}) 11. Rd1
Bd7 $6 ({I) Recently in the Austrian league I met with Vermutlich der erste
Zug "Marke Eigenbau". Bessere Alternativen:} 11... Nb4 12. Bg5 (12. Ne5 Bd7 13.
d5 exd5 14. Nxd5 Nbxd5 15. Bxd5 Nxd5 16. Rxd5 Bg4 17. Qd3 Qxd5 18. Qxd5 Rad8
19. Qb3 Rd1+ 20. Qxd1 Bxd1 21. Be3 Rd8 22. Bxa7 {1/2-1/2 Braun,A (2541)-Ruck,R
(2561)/BL 0708 SC Eppingen - SK Zehlendorf, 2008}) 12... h6 $5 ({I knew only} 
12... Bd7 13. d5 exd5 14. Nxd5 Nbxd5 (14... Nfxd5 $2 15. Bxe7 Nxe7 16. Ne5 $16)
15. Bxd5 Nxd5 16. Rxd5 Bxg5 17. Nxg5 h6 18. Rad1 hxg5 19. Rxd7 $14) (12... Re8
13. Bh4 (13. Ne5 Bd7 14. Bxf6 Bxf6 15. Nxd7 Qxd7 16. Bb5 Nc6 17. d5 exd5 18.
Nxd5 Qd6 19. Nxf6+ {1/2-1/2 Nielsen,P (2649)-Tkachiev,V (2652)/Lugo 2007/CBM
119}) 13... Bd7 14. Ne5 Rc8 15. Qf3 Bc6 16. Nxc6 bxc6 17. Rac1 Qa5 18. b3 {
1/2-1/2 Gyimesi,Z (2605)-Avrukh,B (2628)/Maalot-Tarshiha 2008/CBM 122}) {
but after} 13. Bxf6 Bxf6 14. Ne5 Qc7 15. Ng4 Be7 {I didn't get anything from
the opening:} 16. d5 (16. Ne3 Bg5 17. Bb3 Bd7 18. d5 Bxe3 19. Qxe3 exd5 20.
Nxd5 Nxd5 21. Bxd5 Bc6 22. Rac1 Rfe8 23. Qc3 {1/2-1/2 Bindrich,F (2512)
-Malakhatko,V (2596)/BL 0708, 2008}) 16... exd5 17. Nxd5 Nxd5 18. Bxd5 Bxg4 {
1/2-1/2 Babula, V - Balogh,Cs, Graz 2008}) ({II)} 11... Nd5 12. Bd2 Ncb4 13.
Ne4 (13. Rac1) 13... b6 14. h4 Bb7 15. h5 Rc8 (15... h6) 16. Rac1 (16. h6)
16... Rc7 17. Ne5 Nc6 18. Nf3 h6 $11 {1/2-1/2 Appel,R (2529)-Mainka,R (2496)/
BL 0708, 2008 (37)}) 12. Bg5 $6 ({Weiß sollte den passiven Partiezug, der die
Blockade des Isolanis außer Acht läßt, unverzüglich nutzen und mittels} 12. d5
$1 {das Zentrum öffnen:} exd5 13. Nxd5 Nxd5 14. Bxd5 {mit Vorteil} (14. Rxd5
Qc8 (14... Qc7 $2 15. Bf4) 15. Bf4 Be6) {, z.B.} 14... Bf6 (14... Rc8 15. Bf4
Bf6 {- 14...Bf6}) 15. Bf4 ({oder auch} 15. Be3 Rc8 (15... Qc7 16. Rac1) (15...
Qa5 16. Qb5) (15... Qe8 16. Qb5 b6 17. Bg5 $1) 16. Bxc6 (16. Bc5 Re8 17. Qc4
Ne5 18. Nxe5 Rxe5 19. f4 (19. Bxf7+ $6 Kh8 20. Qd3 Rcxc5 21. Qxd7 Re1+ 22. Rxe1
Qxd7 23. Re8+ Qxe8 24. Bxe8 Rc2 $11) 19... Rf5 20. g4 Rxd5 21. Qxd5 Bxg4 22.
Qxd8+ Bxd8 23. Rdc1 $14) 16... Rxc6 17. Bxa7 Re8 18. Qd2 Bg4 19. Qxd8 Bxd8 20.
Bd4 $14) 15... Rc8 16. Be4 Re8 17. Ra3 $5 (17. Qd3 Bg4 $5) 17... g6 18. Re3 $14
) 12... Nd5 (12... Nb4 13. d5 {- 11...Nb4}) 13. Bxd5 $6 ({Gehaltvoller wirkt
der Rückzug} 13. Bd2 $5 {, z.B.} Ncb4 (13... Nb6 14. d5 $1 exd5 15. Nxd5 Nxc4
16. Qxc4 Be6 17. Bc3 $14) 14. Ne5 Rc8 (14... Nc2 $2 15. Rac1 Nxd4 $2 16. Qg4
Nf5 17. Nxd7 Qxd7 18. Nxd5 exd5 19. Bc3 $18) 15. Rac1 $14) 13... Bxg5 $6 ({
Better was} 13... exd5 14. Bxe7 Qxe7 15. Qxe7 Nxe7 16. Ne5 $14 {/= and in this
ending White has just a minimal edge.}) 14. Be4 $1 $16 Bh6 $2 ({Similar to the
game is} 14... Bf6 $2 15. d5 $1 exd5 16. Rxd5) ({Also} 14... h6 $2 {is bad due
to} 15. d5 $1 {, e.g.} exd5 16. Rxd5 Qe7 17. Nxg5 hxg5 18. Re1 $1 (18. Bh7+) (
18. Qd2) 18... Rfd8 19. Qd1 Be6 20. Qh5 f6 21. Re3) ({Vielleicht war} 14... f5
{das geringere Übel, wenngleich nach} 15. Bxc6 bxc6 {Schwarz aufgrund seiner
miserablen Bauernstruktur eine schwere Verteidigung ins Haus steht, z.B.} 16.
Nxg5 Qxg5 17. Qe5 Qd8 (17... Rab8 18. Ne4 Qe7 19. Nc5) (17... Qf6 18. a5 Rfd8
19. Na4 Be8 20. Nc5 Qxe5 21. dxe5 Rd5 22. Rxd5 exd5 23. Ra3 $1 Rb8 24. Rb3 Rxb3
25. Nxb3) 18. a5 Rb8 19. Na4 Rb5 20. Nc5 {. Nun nach dem Partiezug, der
weiterhin die Kontrolle von d5 vernachlässigt, ereilt Schwarz das Schicksal ...
}) 15. d5 $1 exd5 16. Rxd5 {In view of the threat Be4xh7+ followed by Qe2-d3+
White gains a pawn.} f5 $2 {Now Black dares this ugly move which only weakens
his kingside, instead he should have tried to fish in troubled waters by} (
16... Qc8 17. Bxh7+ Kh8 18. Bb1 g6 $16) 17. Rad1 fxe4 18. Rxd7 Qb6 ({Oder:} 
18... Qxd7 19. Rxd7 exf3 20. gxf3 $18) (18... Qe8 19. Qc4+ Kh8 20. Qxe4 Qxe4
21. Nxe4 $18) 19. Nxe4 $18 Rae8 {This allows White a pretty nice finale.} (
19... Rad8 20. Qc4+ (20. Neg5) 20... Kh8 21. Qc2) (19... Qb3 20. Nd6 (20. Qb5
Qxb5 21. axb5 Nd8 22. h3) 20... Rab8 21. Re1 Qd5 22. h4 Bf4 23. Qb5) 20. Qc4+
Kh8 21. Nd6 Ne5 22. Nxe5 $1 Qxf2+ 23. Kh1 Rxe5 24. Nf7+ Rxf7 25. Rxf7 (25. Rxf7
Re1+ 26. Rxe1 Qxe1+ 27. Rf1) 1-0

[Event "Moscow"]
[Site "Moscow"]
[Date "1981.04.??"]
[Round "10"]
[White "Portisch, Lajos"]
[Black "Torre, Eugenio"]
[Result "1-0"]
[WhiteElo "2650"]
[BlackElo "2550"]
[Annotator "Belov,I"]
[PlyCount "67"]
[EventDate "1981.04.08"]
[EventType "tourn"]
[EventRounds "13"]
[EventCountry "URS"]
[EventCategory "15"]
[SourceTitle "MCL"]
[Source "ChessBase"]
[SourceDate "1999.07.01"]
[SourceVersion "1"]
[SourceVersionDate "1999.07.01"]
[SourceQuality "1"]

1. d4 d5 2. c4 c6 3. Nf3 Nf6 4. Nc3 dxc4 5. a4 Na6 6. e4 Bg4 7. Bxc4 e6 8. Be3
Be7 (8... Bb4 9. Qd3 Bxf3 10. gxf3 Qa5 11. Ke2 Be7 12. Rhg1 g6 13. Rg5 Qb4 14.
b3 $14 {Cebalo,M-Ivkov,B/YUG(ch)/1981/1:0 (43) Inf 31/418/}) 9. O-O O-O (9...
Nb4) 10. Qe2 (10. Be2 Nb4 11. h3 Bh5 12. Ne5 Bxe2 13. Qxe2 Nd7 14. Nc4 Qc7 15.
Rac1 $14 {Razuvaev,Y-Plachetka,J/Keszthely/1981/1:0 (33) Inf 31/417/}) 10...
Nb4 11. Rac1 Bh5 (11... a5 $5) (11... Qa5) 12. Rfd1 Qa5 13. h3 $5 Bg6 (13...
Rad8 14. g4 Bg6 15. Nd2 h5 16. f3 Rfe8 17. Bb3 Qc7 18. Nc4 $14 {Razuvaev,
Y-Vasiukov,E/Moscow(ch)/1981/}) 14. Bf4 Rad8 15. Ne5 $14 a6 16. Bb3 {/\ Nc4/}
Qb6 $6 17. Qe3 $1 $16 (17. Nc4 Qa7 18. Qe3 c5) 17... Nd3 $6 (17... c5 18. d5
exd5 19. exd5 Rfe8 20. Qf3 $16) (17... a5 18. Nc4 Qa6 19. Bc7 $16) 18. Qxd3
Qxb3 19. Nd5 $1 Qxd1+ $8 (19... Qxd3 20. Nxe7+ Kh8 21. N7xg6+ hxg6 22. Rxd3 $18
) 20. Qxd1 exd5 21. Qb3 $1 (21. exd5 Nxd5 22. Bg3 f6 23. Nxg6 hxg6 $14) 21...
dxe4 22. Nxg6 hxg6 23. Qxb7 $18 Nd5 24. Be5 a5 25. Rxc6 f6 26. Bg3 Rf7 27. Qb3
(27. Rc8 $5) 27... Bb4 28. Bd6 $1 Rxd6 (28... Bxd6 29. Rxd6 Rxd6 30. Qb8+ $18)
29. Rxd6 Bxd6 30. Qxd5 Bb4 31. Qxe4 g5 32. Qe6 Kf8 33. Qc8+ Ke7 34. d5 1-0

[Event "Bundesliga 0708"]
[Site "Germany"]
[Date "2008.02.10"]
[Round "9.5"]
[White "Bindrich, Falko"]
[Black "Malakhatko, Vadim"]
[Result "1/2-1/2"]
[WhiteElo "2497"]
[BlackElo "2600"]
[Annotator "Bindrich,F"]
[PlyCount "45"]
[EventDate "2007.10.20"]
[EventType "team-tourn"]
[EventRounds "15"]
[EventCountry "GER"]
[SourceTitle "CBM 123"]
[Source "ChessBase"]
[SourceDate "2008.04.02"]
[SourceVersion "1"]
[SourceVersionDate "2008.04.02"]
[SourceQuality "1"]
[WhiteTeam "Bindlach"]
[BlackTeam "Muelheim"]
[WhiteTeamCountry "GER"]
[BlackTeamCountry "GER"]

1. d4 d5 2. Nf3 Nf6 3. c4 c6 4. Nc3 dxc4 5. a4 e6 {This line is mostly used by
Kramnik and his second Svidler.} 6. e3 c5 7. Bxc4 Nc6 8. O-O cxd4 9. exd4 Be7
10. Qe2 {Most probably Re1 is the most ambitious try.} (10. Re1 O-O 11. Bg5 (
11. Bf4 Nb4 12. Ne5 Nfd5 13. Bg3 Bd7 14. Qb3 Bc6 15. a5 Rc8 16. Nxc6 bxc6 17.
Na4 $14 {0-1 Bocharov,D-Rublevsky,S/Sochi 2007/CBM 118 (61)}) 11... Bd7 (11...
h6 12. Bf4 Nb4 13. Qd2 Bd7 14. Bxh6 Rc8 15. Bb3 gxh6 16. Qxh6 Nh7 17. Re5 f5
18. Rxe6 Bxe6 19. Bxe6+ Kh8 20. Bxc8 Rf6 21. Qh5 Qxc8 22. Re1 Bf8 23. Ne5 Kg8
24. Qd1 Ng5 25. Qb3+ Kg7 26. h4 Nf7 27. Ne2 Nxe5 28. dxe5 Rc6 29. Nf4 Be7 30.
Qg3+ Kh7 31. Qf3 Qe8 32. g3 Qf7 33. e6 Qf6 34. Qh5+ Kg8 35. Qe8+ Qf8 36. Qg6+
Qg7 37. Qxf5 Rc5 38. Qe4 Nc6 39. Nd5 Qxb2 40. Qf5 Rc1 41. Nxe7+ {1-0 Radjabov,
T-Svidler,P/Morelia/Linares 2006/CBM 112/[Huebner,R]}) 12. Qd2 Nb4 13. Rad1 Rc8
14. d5 (14. Bb3 Bc6 15. Qe2 Nfd5 16. Bd2 a5 17. Ne5 Bg5 18. Ne4 Bxd2 19. Qxd2
b6 20. g3 Bb7 21. h4 h6 22. f4 Nf6 23. Nxf6+ Qxf6 24. Kh2 Rcd8 25. f5 Qxf5 26.
Rf1 Qe4 27. Rf4 Qh7 28. Qf2 Bd5 29. Bxd5 Nxd5 30. Rxf7 Nf6 31. Rxf8+ Rxf8 32.
Qe2 Qf5 33. Kg2 Nd5 34. Rd3 Rc8 35. Rf3 Rc2 36. Rxf5 Rxe2+ 37. Rf2 Ne3+ 38. Kf3
Nd1 39. Kxe2 Nxb2 40. Nc6 {0-1 Ponomariov,R-Rublevsky,S/Moscow 2007/EXT 2008})
14... exd5 15. Bxd5 Bc6 16. Bxc6 Qxd2 17. Rxd2 Nxc6 18. Bxf6 Bxf6 19. Nd5 Rfd8
20. Nxf6+ gxf6 21. g3 Rxd2 22. Nxd2 Ne5 23. Kg2 Kg7 24. Nf3 Rc4 {1/2-1/2
Nielsen,P-Svidler,P/Monte Carlo 2006/CBM 111 ext}) (10. Be3 O-O 11. Ne5 Nb4 12.
a5 Bd7 13. d5 exd5 14. Nxd5 Nbxd5 15. Bxd5 Nxd5 16. Qxd5 Bc8 17. Rfd1 Qxd5 18.
Rxd5 Be6 19. Rb5 Bf6 20. Nf3 b6 21. axb6 {1/2-1/2 Leko,P-Kramnik,V/Brissago
2004/CBM 103}) 10... O-O 11. Rd1 Nb4 12. Bg5 (12. Ne5 Bd7 13. Bg5 Bc6 14. a5
Bd5 15. Bxf6 Bxf6 16. Ra4 Nc6 17. Bxd5 exd5 18. a6 Bxe5 19. dxe5 d4 20. axb7
Rb8 21. Rc4 Qb6 22. Qe4 dxc3 23. Rxc6 Qxb2 24. Rc7 c2 25. Re1 Qb6 26. Rxc2 Qxb7
27. f4 Qxe4 28. Rxe4 a5 29. Rc5 Rfc8 30. Rxa5 Rb2 31. Rc4 Rd8 32. h3 g6 33. e6
Rdd2 34. exf7+ Kxf7 35. Rg5 Rdc2 36. Rxc2 Rxc2 37. Kh2 Kf6 38. Ra5 h5 39. Kg3
Rb2 40. Ra3 Rc2 41. Kf3 Rb2 42. Ra6+ Kf7 43. Ra3 Kf6 44. Rd3 Ra2 45. Rd6+ Kg7
46. Re6 Ra3+ 47. Re3 Ra2 48. Kg3 Kf6 49. Rb3 Rc2 50. Rb6+ Kf5 51. Rb5+ Kf6 52.
Rg5 Rc4 53. h4 Rc3+ 54. Kh2 Rc4 55. g3 Rc2+ 56. Kh3 Rf2 57. Ra5 Kg7 58. Rb5 {
1/2-1/2 Berkes,F-Horvath,C/Budapest 2004/CBM 103}) 12... h6 $146 {Maybe an
important novelty, as it is hard to find any advantage for White.} (12... Bd7
13. d5 exd5 14. Nxd5 Nbxd5 15. Bxd5 Nxd5 16. Rxd5 Bxg5 17. Nxg5 h6 18. Rad1
hxg5 19. Rxd7 $14 {1/2-1/2 Ivanchuk,V-Svidler,P/Monte Carlo 2006/CBM 111 ext 
(46)}) (12... Re8 13. Ne5 Bd7 (13... Nfd5 14. Be3 b6 15. Nxd5 Nxd5 16. Bb5 Rf8
17. Rac1 Bb7 18. Bc6 Bxc6 19. Nxc6 Qd7 20. Rc4 Bd6 21. Rdc1 Qb7 22. Bd2 h6 23.
Qg4 Kh8 24. Qh4 Kh7 25. Qe4+ Kh8 26. Qh4 Kh7 27. Qe4+ Kg8 28. Qg4 Kh7 {1/2-1/2
Nielsen,P-Drozdovskij,Y/Mainz 2007/CBM 119 ext}) 14. Bxf6 Bxf6 15. Nxd7 Qxd7
16. Bb5 Nc6 17. d5 exd5 18. Nxd5 Qd6 19. Nxf6+ {1/2-1/2 Nielsen,P-Tkachiev,V/
Lugo 2007/CBM 119}) 13. Bxf6 (13. Bh4 Bd7 14. d5 exd5 15. Nxd5 Nbxd5 16. Bxd5
Nxd5 17. Bxe7 Nxe7 18. Ne5 Nc6 $1 19. Nxd7 Re8 20. Qb5 Qc7 $11) 13... Bxf6 14.
Ne5 (14. d5 exd5 15. Nxd5 Nxd5 16. Bxd5 Bd7) 14... Qc7 15. Ng4 $5 (15. Qe4 Rb8
(15... Bd7 16. Nxd7 Qxd7 17. d5 $14) (15... Rd8 16. Rac1 Bd7 17. Nb5 Qb8 $11)
16. Rac1 b6 $11) 15... Be7 16. Ne3 (16. d5 exd5 17. Nxd5 Nxd5 18. Bxd5 Bg5 $1 (
18... Bxg4 19. Qxg4 $14) 19. Ra3 $5 Bd7 $11) 16... Bg5 17. Bb3 Bd7 (17... b6
18. d5 $14) (17... Rd8 18. d5 Qe5 $13) 18. d5 Bxe3 19. Qxe3 exd5 20. Nxd5 (20.
Qe7 $5 {This amazing move was overlooked both by my opponent and by me, but it
offers at least a pleasant game for White.} Nc6 21. Nxd5 Nxe7 22. Nxc7 Rad8 23.
Nb5 Nc8 24. h3 Bxb5 25. axb5 $14) 20... Nxd5 21. Bxd5 Bc6 22. Rac1 Rfe8 23. Qc3
1/2-1/2

[Event "Nanjing FIDE GP (Women)"]
[Site "Nanjing"]
[Date "2009.10.05"]
[Round "7"]
[White "Dzagnidze, Nana"]
[Black "Shen, Yang"]
[Result "0-1"]
[WhiteElo "2535"]
[BlackElo "2453"]
[Annotator "CB"]
[PlyCount "114"]
[EventDate "2009.09.28"]
[EventType "tourn"]
[EventRounds "11"]
[EventCountry "CHN"]
[EventCategory "8"]
[SourceTitle "CBM 132 Extra"]
[Source "ChessBase"]
[SourceDate "2009.11.03"]
[SourceVersion "1"]
[SourceVersionDate "2009.11.03"]
[SourceQuality "1"]

1. d4 d5 2. c4 c6 3. Nf3 Nf6 4. Nc3 dxc4 5. a4 e6 6. g3 c5 {Shen Yang has
played this before so Dzagnidze should have been reasonably prepared} 7. Bg2
Nc6 8. dxc5 Qxd1+ 9. Nxd1 Bxc5 10. Be3 (10. O-O O-O 11. Be3 Bb4 12. Bd2 Bxd2
13. Nxd2 Na5 14. Ne3 c3 15. bxc3 Bd7 16. Nec4 Nxc4 17. Nxc4 Rab8 18. Rfb1 Rfc8
19. Nd6 Rxc3 20. Nxb7 g5 21. a5 Rc2 22. Re1 Bc6 23. Bxc6 Rxc6 {0-1
Mchedlishvili,M (2631)-Tkachiev,V (2661)/Ajaccio FRA 2007 (33)}) 10... Bb4+ 11.
Bd2 Nd5 $11 12. Bxb4 Ndxb4 13. O-O Na5 14. Ne3 Bd7 15. Nd2 Rc8 {black is
slightly better. White will have to work to get the pawn back and in the
meantime black will improve their position} 16. Rfc1 Ke7 17. Nexc4 Nxc4 18.
Nxc4 (18. Rxc4 Rxc4 19. Nxc4 Rc8 20. b3 Rc7 $15) 18... b6 $6 (18... Rc7) 19. a5
b5 20. Na3 $6 (20. Ne3) (20. Ne5 {were both better}) 20... a6 21. Rc3 (21. Bb7
Rxc1+ 22. Rxc1 Rb8 23. Bf3 Rc8 $15) 21... Bc6 22. Rb3 Nd5 23. Bxd5 $2 $17 (23.
Nc2) 23... Bxd5 24. Rb4 f5 (24... Rhd8) 25. f3 e5 {Rybka was getting itchy
here and suggests} 26. Kf2 (26. Nxb5 axb5 (26... Rb8 $4 27. Nc7 $16) 27. Rxb5
Ke6 28. a6 Rb8 29. Rxb8 Rxb8 30. a7 $15 Ra8 31. b4) 26... Rc5 27. Rd1 Ke6 28.
Nb1 Rhc8 29. Nc3 Bb7 $15 {black is better but somehow I feel that white should
hold this} 30. f4 Rc4 31. Rxc4 Rxc4 32. fxe5 b4 33. Na4 $6 (33. Na2 $1 $11 Bd5
34. Nc1 Rc2 35. Nd3 Bc4 36. b3 $11) 33... Bc6 $17 34. Nb6 Rc2 35. Ke3 Kxe5 (
35... g5 $1 $17) 36. Rd4 $2 {basic mistake} (36. Rd2 $15) 36... Rxe2+ 37. Kd3
Rd2+ 38. Kxd2 Kxd4 $19 39. Nc8 Bb5 40. Nd6 Bd7 41. Nf7 h6 42. Nd8 Kc4 $1 43.
Kc2 b3+ (43... Kb5 $1 $19 44. Kb3 Kxa5) 44. Kd2 Kd4 45. Ke2 Bb5+ (45... Ke4 46.
Nb7 Kd5 {gives black a tempo to close in the knight}) 46. Kd2 g5 47. Nf7 Bd7 $1
{excellent play} 48. Nxh6 Be6 49. h3 Ke5 {the rest is easy now} 50. Kd3 Kf6 51.
Kd4 Kg6 52. Nxf5 Kxf5 53. h4 gxh4 54. gxh4 Kg4 55. Kc5 Kxh4 56. Kb6 Bc4 57. Kc5
Be2 0-1

[Event "Tbilisi FIDE GP"]
[Site "Tbilisi"]
[Date "2015.02.26"]
[Round "10"]
[White "Kasimdzhanov, Rustam"]
[Black "Jobava, Baadur"]
[Result "1/2-1/2"]
[WhiteElo "2705"]
[BlackElo "2696"]
[Annotator "CB"]
[PlyCount "65"]
[EventDate "2015.02.15"]
[EventType "tourn"]
[EventRounds "11"]
[EventCountry "GEO"]
[EventCategory "20"]
[SourceTitle "CBM 165"]
[Source "ChessBase"]
[SourceDate "2015.03.11"]
[SourceVersion "1"]
[SourceVersionDate "2015.03.11"]
[SourceQuality "1"]

1. d4 d5 2. c4 c6 3. Nc3 Nf6 4. Nf3 dxc4 5. a4 Bg4 {A variation that is
supposed to be bad for Black. This game does not change that evaluation.} 6.
Ne5 Bh5 7. f3 Nfd7 8. Nxc4 e5 9. g3 Bb4 10. dxe5 O-O 11. Bh3 Qe7 12. f4 f6 13.
e6 Nc5 14. f5 Nba6 15. O-O Rfd8 16. Qc2 Rd4 17. Rf4 Rad8 18. Be3 Rxf4 19. Bxf4
Bxc3 20. bxc3 Nxe6 21. fxe6 Qc5+ 22. Ne3 g5 23. Kf2 $1 gxf4 24. gxf4 Nc7 25.
Rg1+ Kh8 26. c4 (26. Qe4 $1) 26... Rd4 27. Qf5 $1 Qxf5 28. Nxf5 Rxc4 $2 (28...
Rxf4+ 29. Ke3 Nxe6 30. Ng7 $16) 29. Nh6 $4 (29. Ne7 h6 (29... Bg6 30. f5 $18)
30. Rg8+ Kh7 31. Bf5+) 29... Rxf4+ 30. Ke1 Bg6 31. Nf7+ Kg7 32. Nd6 Rxa4 33.
Kf2 {Even though the position looks dangerous because of the passed pawn on
the e-file, Black can esaily deal with it and keep his extra material.} (33.
Kf2 Rf4+ $1 {An important check as the king is worse no matter where it goes.}
34. Kg2 (34. Kg3 Rb4 35. e7 f5 $1 {preparing Kf6.} 36. Bxf5 Bxf5 37. Nxf5+ Kf6
$19) (34. Ke3 Nd5+ 35. Kd2 Kf8 $19) (34. Ke1 Rb4 35. e7 Rb1+ 36. Kf2 Rxg1 37.
Kxg1 a5 $19 {the e-pawn is of no importance as even winning a piece leaves
White in a lost position.} 38. Bd7 a4 39. e8=Q Bxe8 40. Bxe8 a3 $19) 34... Rb4
{Protecting the b-pawn with tempo if the king goes back to f2.} 35. e7 Nd5 36.
e8=Q Bxe8 37. Nxe8+ Kf8 38. Nd6 Nf4+ $19 39. Kg3 Nxe2+) 1/2-1/2

[Event "POL-chT 51st"]
[Site "Lubniewice"]
[Date "1995.??.??"]
[Round "8"]
[White "Chekhov, Valery A"]
[Black "Sapis, Witalis"]
[Result "1/2-1/2"]
[WhiteElo "2500"]
[BlackElo "2450"]
[Annotator "Chekhov,V"]
[PlyCount "81"]
[EventDate "1995.09.14"]
[EventType "team-tourn"]
[EventRounds "11"]
[EventCountry "POL"]
[SourceTitle "EXT 1997"]
[Source "ChessBase"]
[SourceDate "1996.11.15"]
[SourceVersion "1"]
[SourceVersionDate "1996.11.15"]
[SourceQuality "1"]
[WhiteTeam "Zabrze Gornik"]
[BlackTeam "Legnica Miedz"]
[WhiteTeamCountry "POL"]
[BlackTeamCountry "POL"]

1. d4 c6 2. c4 d5 3. Nf3 Nf6 4. Nc3 dxc4 5. a4 Bg4 6. Ne5 Bh5 7. g3 (7. f3 $5)
7... e6 8. Bg2 Bb4 9. O-O Nd5 10. Na2 (10. Qc2 Be7 11. Nxc4 O-O 12. e4 Nb4 13.
Qd2 N8a6 14. b3 Qc7 15. Bb2 Rad8 16. Rab1 Nc5 17. Ba1 Bg6 18. Rfd1 Bf6 19. Ne2
a5 20. Qf4 $1 $16 {Van Wely,L-Danielsen,H/Akureyri/1994/1|0/25/}) (10. Nxc4 $6
Na6 (10... Bxc3 $5 11. bxc3 Nxc3 $17) 11. Qb3 Nb6 12. Nxb6 Qxb6 13. Qc4 Rd8 14.
Be3 Qa5 15. Na2 O-O 16. Nxb4 Qxb4 17. Qc2 $14 {Kanstler,B-Imanaliev,T/Bishkek/
1993/0|1/38/}) (10. Bd2 $5 O-O 11. g4 Bg6 (11... f6 $5) 12. e4 Nb6 13. a5 Nc8
14. Qa4 Na6 15. Be3 Nd6 16. Nxg6 hxg6 17. e5 Nc8 18. Rfc1 $16) 10... Be7 11.
Nxc4 a5 12. Qd2 $6 {/N/} (12. h3 $5 Nb6 13. Qb3 N8d7 14. Nc3 Nxc4 15. Qxc4 Qb6
16. b3 Rd8 17. e4 Qb4 18. g4 Bg6 19. f4 f6 20. Ba3 Qxc4 21. bxc4 Bxa3 22. Rxa3
$14 {Majorovas,V-Valiunas/Klaipeda/1981/1|0/38/}) 12... O-O 13. e4 Nb4 14. Nc3
Nd7 15. f4 f6 16. b3 Qc7 $6 (16... Nb6 $1 17. Bb2 Bf7 18. Rad1 (18. e5 $5 N6d5
19. Ne4) 18... e5 $15) 17. Bh3 $1 Bf7 18. Qe2 Nb6 19. Be3 $14 Nxc4 20. bxc4 e5
$8 21. fxe5 fxe5 22. d5 Na6 (22... cxd5 $5 23. Nxd5 (23. exd5 $5 $14) 23...
Bxd5 24. cxd5 Qc2 $132) 23. Rf3 Bg6 (23... Nc5 $5 24. Raf1 Bg6 25. Bf5 $14) 24.
Be6+ Kh8 25. Raf1 h6 $6 (25... Rxf3 $5 26. Qxf3 Nc5 27. Bf5 Rf8 28. Qg4 Bxf5
29. exf5 $36) 26. Bf5 Bh7 (26... Bxf5 27. exf5 $16) 27. Bxh7 $6 (27. R3f2 $5
Nc5 28. Qh5 $40) 27... Kxh7 28. Rf7 Rxf7 29. Rxf7 Rf8 30. Qh5 Rxf7 (30... Qd8
$4 31. Qxh6+ $18) 31. Qxf7 Bc5 $1 32. Qf5+ g6 33. Qf2 Bxe3 34. Qxe3 cxd5 35.
exd5 Qc5 $1 $10 36. Kf2 Kg7 37. Kf3 Qxe3+ 38. Kxe3 Nc5 39. h4 h5 40. Kf3 b6 41.
Ke3 1/2-1/2